| 000 | 01190nam a2200241 i 4500 | ||
|---|---|---|---|
| 003 | DO-SdBNP | ||
| 005 | 20240122135609.0 | ||
| 006 | a||||gr|||| 00| 0 | ||
| 007 | ta | ||
| 008 | 240122e1996 dr ||||| |||| 00| 0 spa d | ||
| 040 |
_aDO-SdBNP _bspa _cBNPHU _erda |
||
| 082 | 4 |
_222 _bF667f |
|
| 245 | 0 | 0 |
_aFolleto para la formación política / _b` _cPresentación, José Nicolás Almánzar García. |
| 264 |
_aSanto Domingo : _bIFP, _c1996 |
||
| 300 |
_a67 páginas ; _c21 cm |
||
| 336 |
_2rdacontent _atexto _btxt |
||
| 337 |
_2rdamedia _asin mediación _bn |
||
| 338 |
_2rdacarrier _avolumen _bnc |
||
| 504 | _aBibliografía: página 68. | ||
| 505 |
_aPresentación.-- _tDefinición y fines de los Partidos Políticos. _tEsbozo histórico del Socialcristianismo y su inserción en el PRSC.-- _tIntroducción a los primncipios fundamentales del Socialcristianismo.-- _tBreve Síntesis sobre el orígen e hsitoria del PRSC.-- _tPopularización del Socialcristianismo.-- _tSociedad y Cuerpos Intermedio.-- _tEl Círculo de Estudios.-- _tAnálisis comparativo de Alternativas Políticas: Liberalismo, Marxismos y Socialcristianismo. _tBiografía. |
||
| 590 | _aInventariado 2024 / MF | ||
| 942 |
_2ddc _cLBS1 |
||
| 999 |
_c55739 _d55739 |
||